000 00746nam a22002537a 4500
001 3917
003 FISKH
005 20240524153522.0
008 240523b cb ||||| |||| 00| 0 eng d
040 _aFISK
_beng
_cFISK
_dFISK
050 _aPZ10.S38
082 _a823.8
100 _aSewell Anna
_d1820-1878
245 _aBlack beauty /
_bThe autobiography of a horse
_cby Anna Sewell
260 _aNew York :
_bHarperFestival ,
_c2005
300 _a104 pages :
_c20 cm
505 _aM
520 _aA horse in nineteenth-century England recounts his experiences with both good and bad masters.
521 8 _a600
_bLexile
521 8 _aM
_bRaz-Plus
700 _aAnna Sewell
942 _2ddc
_cBK
_n0
999 _c3917
_d3917